Música para camaleones /
Guardado en:
| Autor Principal: | |
|---|---|
| Otros Autores: | |
| Formato: | Libro |
| Publicado: |
Buenos Aires :
Sudamericana
|
| Materias: | |
| Etiquetas: |
Agregar Etiqueta
Sin Etiquetas, Sea el primero en etiquetar este registro!
|
| LEADER | 00649nam a22002175a 4500 | ||
|---|---|---|---|
| 001 | CEM.cems011118 | ||
| 005 | 20071217165011.0 | ||
| 008 | 130507b######################000#0#####d | ||
| 003 | CEMS | ||
| 020 | |a 9500718626 | ||
| 082 | 0 | 4 | |a 813.5 |
| 100 | 1 | |a Capote, Truman | |
| 245 | 1 | 0 | |a Música para camaleones / |c Truman Capote ; traducción de Rolando Costa Piczo |
| 260 | |a Buenos Aires : |b Sudamericana | ||
| 300 | |a 260 p. | ||
| 653 | |a Literatura | ||
| 653 | |a Literatura norteamericana | ||
| 653 | |a Novelas | ||
| 653 | |a Novelas norteamericanas | ||
| 700 | 1 | |a Costa Picazo, Rolando, trad. | |
| 859 | |a CEMS |b BIB. CEMS - 11 de abril |h 813.5 |i C173-2 |p 21925.02 |t Ej.1 | ||
